000 02713nam a2200517Ia 4500
001 dia_1722
003 CHAP
005 20240322180943.0
007 ta
008 220117s2010 mx ado fr 001 0 spa d
040 _cCHAP
_amxchpua
090 _aT.C.526
_bE87 IA
_c2010
245 1 3 _aReporte del viaje generacional a Tlaxcala, Puebla y Veracruz /
_ccoordinador José Alfredo Espejel Zaragoza ; colaboradores Hugo Fernando Amaro Vidal...[et al.]
260 _aMéxico :
_bEl autor,
_c2010
300 _acerca 120 hojas :
_bilustraciones, gráficas, diagramas, tablas, fotos
336 _2rdacontent
_atexto
_btxt
337 _2rdamedia
_ano mediado
_bn
338 _2rdacarrier
_avolumen
_bnc
500 _aDirectorio en Anexo 1 -- Grado 4° Grupo 2
502 _aViaje de Estudios
_b(IA) --
_cUACh. Departamento de Ingeniería Agroindustrial,
_d2010
505 _aEmpresas visitadas:
_t1. Cebadas y maltas, S. A. de C. V. -- 2. Procesadora Verduzco, S. A. de C. V. -- 3. Bodegas Copa de Oro, S. A. de C. V. -- 4. Arroz SOS, S. A. de C. V. -- 5. Industrias Chahín, S. A. de C. V. -- 6. Cervecería Cuahutémoc-Moctezuma, S. A. de C. V. -- 7. Industrial Patrona, S. A. de C. V. -- 8. Ingenio azucarero Constancia, S. A. de C. V. -- 9. Grupo BIMBO, Veracruz, S. A. de C. V. -- 10. LALA Comercializadora y Derivados, S. A. de C. V. -- 11. CITREX, S. A. de C. V. -- 12. Cítricos Cadillo, S. A. de C. V. -- 13. Unión Regional Ganadera del Norte de Veracruz -- 14. Beneficiadora Alta Sierra, S. A. de C. V. -- 15. Café Aresca, S. A. de C. V. -- 16. American Gold Coffee, S. P. R. de R. L. -- 17. Blueberry, S. A. de C. V. -- 18. Blackberry, S. A. de C. V.
650 1 3 _aCafé
_917085
650 1 3 _aCítricos
_924392
650 1 3 _aIndustria azucarera
_957780
650 1 3 _aIndustria cervecera
_957799
650 1 3 _aIndustria de los alimentos
_9148659
650 1 3 _aIndustria de productos agrícolas
_9151277
650 1 3 _aIndustria lechera
_957819
650 1 3 _aIndustria panadera
_9147086
650 1 3 _aBrewing industry
_9151423
650 1 3 _aBakery industry
_9147084
650 1 3 _aCitrus fruits
_9152026
650 1 3 _aCoffe products
_9157295
650 1 3 _aDairy industry
_9147068
650 1 3 _aSugar industry
_9151278
650 1 3 _aFood industry
_9148657
650 1 3 _aHorticultural products industry
_9151427
700 1 _aEspejel Zaragoza, José Alfredo
_9151219
_ecoordinador
700 1 _aAmaro Vidal, Hugo Fernando
_9151428
_ecolaborador
901 _aT.C.526 E87 IA 2010
902 _aM
905 _a5232272010 mx din 8223223322spa16
942 _2local
942 _cVE
999 _c172266
_d172266